5HLuxD.jpg

KING HENRY VIII SENIOR AND PRIMARY SCHOOL LIBRARY OPAC

Up from the sea / (Record no. 122)

000 -LEADER
fixed length control field 01270cam a2200421Ii 4500
001 - CONTROL NUMBER
control field 948088149
003 - CONTROL NUMBER IDENTIFIER
control field OCoLC
005 - DATE AND TIME OF LATEST TRANSACTION
control field 20190726113449.0
008 - FIXED-LENGTH DATA ELEMENTS--GENERAL INFORMATION
fixed length control field 160427s2017 nyu d 000 1 eng d
020 ## - INTERNATIONAL STANDARD BOOK NUMBER
International Standard Book Number 0553534777
020 ## - INTERNATIONAL STANDARD BOOK NUMBER
International Standard Book Number 9780553534771 (paperback)
035 ## - SYSTEM CONTROL NUMBER
System control number (OCoLC)948088149
040 ## - CATALOGING SOURCE
Original cataloging agency YDXCP
Language of cataloging eng
Description conventions rda
Transcribing agency YDXCP
Modifying agency BTCTA
-- BDX
-- OCLCQ
-- NYP
043 ## - GEOGRAPHIC AREA CODE
Geographic area code a-ja---
049 ## - LOCAL HOLDINGS (OCLC)
Holding library NYPP
082 ## - DEWEY DECIMAL CLASSIFICATION NUMBER
Classification number FIC LOW
091 ## - MICROFILM SHELF LOCATION (AM) [OBSOLETE]
Microfilm shelf location FIC
100 1# - MAIN ENTRY--PERSONAL NAME
Personal name Lowitz, Leza,
Relator term author.
245 10 - TITLE STATEMENT
Title Up from the sea /
Statement of responsibility, etc. Leza Lowitz.
250 ## - EDITION STATEMENT
Edition statement First Ember edition.
264 #1 - PRODUCTION, PUBLICATION, DISTRIBUTION, MANUFACTURE, AND COPYRIGHT NOTICE
Place of production, publication, distribution, manufacture New York :
Name of producer, publisher, distributor, manufacturer Ember,
Date of production, publication, distribution, manufacture, or copyright notice [2017]
264 #4 - PRODUCTION, PUBLICATION, DISTRIBUTION, MANUFACTURE, AND COPYRIGHT NOTICE
Date of production, publication, distribution, manufacture, or copyright notice ℗♭2016.
300 ## - PHYSICAL DESCRIPTION
Extent 257 pages ;
Dimensions 22 cm.
336 ## - CONTENT TYPE
Content type term text
Source rdacontent.
337 ## - MEDIA TYPE
Media type term unmediated
Source rdamedia.
338 ## - CARRIER TYPE
Carrier type term volume
Source rdacarrier.
520 ## - SUMMARY, ETC.
Summary, etc. A novel in verse about the March 2011 tsunami that sent Japan into chaos, told from the point-of-view of Kai, a biracial teenaged boy.
650 #0 - SUBJECT ADDED ENTRY--TOPICAL TERM
Topical term or geographic name entry element Tohoku Earthquake and Tsunami, Japan, 2011
Form subdivision Fiction.
650 #0 - SUBJECT ADDED ENTRY--TOPICAL TERM
Topical term or geographic name entry element Novels in verse.
655 #7 - INDEX TERM--GENRE/FORM
Genre/form data or focus term Young adult fiction.
Source of term lcsh.
655 #7 - INDEX TERM--GENRE/FORM
Genre/form data or focus term Fiction.
Source of term lcgft.
700 ## - ADDED ENTRY--PERSONAL NAME
Personal name Shappell, Ray
Relator term Cover artist & designer
901 ## - LOCAL DATA ELEMENT A, LDA (RLIN)
a MARS
901 ## - LOCAL DATA ELEMENT A, LDA (RLIN)
a ljh
b CATBL
942 ## - ADDED ENTRY ELEMENTS (KOHA)
Source of classification or shelving scheme
Koha item type Books - Fiction
945 ## - LOCAL PROCESSING INFORMATION (OCLC)
a .b211328522
946 ## - LOCAL PROCESSING INFORMATION (OCLC)
a m
Holdings
Withdrawn status Lost status Source of classification or shelving scheme Damaged status Not for loan Collection code Permanent Location Current Location Shelving location Date acquired Total Checkouts Full call number Barcode Date last seen Date last checked out Price effective from Koha item type
          Fiction KH8 Senior School Library KH8 Senior School Library Fiction 2019-07-26 1 FIC LOW 3KHSL000101231 2024-07-17 2020-09-10 2019-07-26 Books - Fiction

Powered By KH8 IT Dept